[Event "Biel GM"]
[Site "Biel"]
[Date "2002.07.25"]
[Round "4"]
[White "Vallejo Pons, Francisco"]
[Black "Pelletier, Yannick"]
[Result "1/2-1/2"]
[WhiteElo "2648"]
[BlackElo "2571"]
[Annotator "Pelletier,Y"]
[PlyCount "111"]
[EventDate "2002.07.22"]
[EventType "tourn"]
[EventRounds "10"]
[EventCountry "SUI"]
[EventCategory "16"]
[SourceTitle "CBM 091"]
[Source "ChessBase"]
[SourceDate "2002.11.12"]
[SourceVersion "1"]
[SourceVersionDate "2002.11.12"]
[SourceQuality "1"]

1. e4 e6 2. d4 d5 3. e5 c5 4. c3 Nc6 5. Nf3 Qb6 6. a3 c4 7. Nbd2 f6 8. Be2 fxe5
9. Nxe5 Nxe5 10. dxe5 Bc5 11. O-O Ne7 12. Bh5+ $5 {Ein interessantes
Schachgebot. Weiß erzwingt damit eine Schwächung der gegnerischen schwarzen
Felder am Königsflügel, die er später ausnützen möchte.} g6 13. Bg4 h5 ({
Ich entschied, den Läufer von seinem aktiven Feld zu verjagen. Aber
selbstverständlich bildet auch dieser Vorstoss eine weitere Schwächung dieser
Seite. Gespielt wurden schon} 13... Bd7 14. Nf3 $14) ({und} 13... O-O 14. Nf3
Nf5 15. Qc2 $14 {(/\ Bg5).}) 14. Be2 (14. Bh3 $6 g5) 14... Bd7 15. Rb1 (15. b4
cxb3 16. Nxb3 Ba4 17. Rb1 Qc7 $13) 15... O-O $6 {[%csl Rd7]} ({Nach dieser
Ungenauigkeit kann sich Weiß erlauben, den Bauern f2 zu geben, um zentrale
Linien aufzumachen. Die folgenden Verwicklungen sind ihm günstig. Besser war
daher} 15... Nf5 16. b3 (16. b4 $6 Bf8) 16... cxb3 17. Nxb3 Ba4 18. Bg5 O-O {
mit einer komplizierten Stellung, in welcher ich aber das Gefühl habe, dass
Schwarz mehr aufpassen muss.}) 16. Nxc4 $1 dxc4 ({Im Fall vom sofortigen} 16...
Bxf2+ {geht für Weiß dann} 17. Kh1 Qc7 18. Bg5 $1 (18. Nd2 $5 Bb6 19. Nf3 $14)
18... Bb5 19. Nd6 Bxe2 20. Qxe2 Bc5 21. Rf6 $40 {Nach der Öffnung der f-Linie
kann Weiß das schwache Feld f6 leichter besetzen.}) 17. Qxd7 Rad8 18. Qa4 Rxf2
({Es funktioniert kaum} 18... Bxf2+ 19. Kh1 Nc6 20. Bg5 Rd5 21. Qc2 $1 Nxe5 22.
Bxc4 $16) 19. Rxf2 Bxf2+ 20. Kh1 Qc6 ({Ich überlegte hier lange nach, um zu
bestimmen, welche Fortsetzung eigentlich die besten Remischancen verspricht.
Das Damenendspiel nach} 20... Be3 21. Bxc4 Bxc1 (21... Qc6 $2 22. Bxe6+) 22.
Rxc1 Nf5 23. Rd1 $6 Rxd1+ 24. Qxd1 Ne3 25. Qd3 Nxc4 26. Qxc4 Qxb2 27. Qxe6+ Kh7
{hielt ich zwar für haltbar, aber dann störten mich Alternativen am 23.Zug wie
23.Qb3 mehr.}) 21. Qxc6 $5 ({Ich hatte mich auf die aggressivere Möglichkeit} 
21. Qc2 {konzentriert, obwohl der Damentausch aus praktischer Sicht besser ist.
Ich hatte dann vor, mittels} Nf5 {einen Bauern zu opfern, da} (21... Bh4 {
nicht haltbar ist:} 22. Bf3 Qc5 (22... Rf8 23. Bg5 $1 Rxf3 24. Bxe7 $18) 23. g3
Qxe5 (23... Rd3 24. Qe2 $18) (23... Rf8 24. Qe2 $18) 24. gxh4 Qe1+ 25. Kg2 Nf5
26. Bg5 Nxh4+ 27. Bxh4 (27. Kh3 $5 $18) 27... Rd2+ 28. Kh3 $18) {Nach} 22. Bg5
Rd7 23. Bxh5 gxh5 24. Qxf2 Qe4 25. Re1 Qg4 {[%csl Gf5,Gg4][%cal Gd7d1] besitzt
Schwarz dank seiner guten Figuren Kompensation. Ob genug, da kann ich keinen
definitiven Urteil fallen.}) 21... Nxc6 22. Bg5 Re8 $2 {[%csl Re8]} ({Der
Besitz des Läuferpaars sowie Schwächen im schwarzen Lager versprechen dem
Anziehenden Vorteil. Um diesen gering zu halten, musste Schwarz unbedingt
aktiv spielen. Nach dem geschehenen furchtbaren Zug wird er zur totalen
Passivität verurteilt. Richtig war} 22... Rd5 {[%csl Gd5]} 23. Rf1 Rxe5 24.
Bxc4 {, und nun} Na5 $1 (24... Bb6 25. Bf4) 25. Bf6 (25. Ba2 Re2) 25... Re3 26.
Bb5 Re1 27. Rxe1 Bxe1 28. Be8 Kh7 {[%csl Ge8,Gf6] mit nur kleinem
Endspielvorteil für Weiß.}) 23. Bf6 b5 ({Und hier war es vielleicht
hartnäckiger, den Bauern sofort zu geben, anstatt die Öffnung des Damenflügels
zu erlauben:} 23... Bb6 24. Bxc4 Bd8 25. Bxd8 (25. Rf1 Bxf6 26. Rxf6 Nxe5 27.
Rxe6 Rxe6 28. Bxe6+ Kg7 $14) 25... Nxd8 26. g3 Nc6 27. Re1 Kf7 28. Kg2 $16) 24.
b3 Na5 25. bxc4 ({Weiß hat mehrere gute Fortsetzungen, aber im Moment zeigt
der junge Spanier noch gute Technik.} 25. b4 Nb3 26. Rd1 Be3 (26... Rf8 27. g4
h4 28. g5) 27. Rd7 Nc1 28. Bd1 Nd3 29. Bc2 $16) 25... bxc4 26. Rd1 Bc5 27. g4
$1 hxg4 28. Rd7 (28. Bxg4 Be7 29. Bxe6+ Kf8 30. Rd7 {kommt aufs Gleiche.})
28... Kf8 29. Bxg4 Be7 $138 30. Rxa7 ({Nun fangen die Realisationprobleme
Vallejos. Er verpasste in diesem Augenblick} 30. Bxe6 Bxf6 31. Rf7+ Kg8 32.
Re7+ $1 {, was nach} Kf8 33. Rxe8+ Kxe8 34. exf6 {eine totale Gewinnstellung
herbeiführt.}) 30... Nc6 31. Rc7 Bxf6 32. exf6 Ne5 33. h3 ({Der Textzug
erleichterte mich, auch wenn mir ganz klar war, dass auch das Turmendspiel
verloren sein musste. Unangenehmer war natürlich etwas wie} 33. Bh3 g5 34. Rh7
g4 35. Bf1 Kg8 36. Rg7+ Kf8 37. Rg5 Nd3 38. Kg2 $18 {Der Läufer erweist sich
in solchen offenen Stellungen als eindeutig stärker als der Springer.}) 33...
Nxg4 34. hxg4 Ra8 (34... g5 35. Rh7 $18) 35. Rxc4 Rxa3 (35... g5 36. Rc7 Rxa3
37. Kg2 $18) 36. Rc7 ({Trotz Zeitnot gelang es mir festzustellen, dass die
Stellung nach} 36. g5 Ra5 37. Rc8+ (37. Rg4 Rf5 {und Schwarz scheint eine gute
Festung zu haben}) 37... Kf7 38. Rc7+ Kf8 39. c4 Rxg5 40. c5 Rf5 41. c6 Rxf6 (
41... Rc5 42. Rc8+ Kf7 43. c7 $18) 42. Rh7 Rf1+ 43. Kg2 Rc1 44. c7 Ke8 {
Remis ist. Wegen Zeitnot verstand ich aber nicht, dass Weiß hier in
Wirklichkeit gewinnen kann! Nämlich} 45. Kf3 Rc4 46. Ke3 g5 47. Kd3 Rc6 48. Ke4
Rc5 49. Kd4 Rc6 50. Ke5 g4 51. Kf4 Rc4+ 52. Kg3 e5 53. Rg7 $22 $18 {und nach
weiteren solchen Zugzwangsmannövern erobert Weiß beide gegnerischen Bauern und
nähert anschließend seinen König dem Bauern c7.}) 36... g5 37. Kg2 e5 (37...
Ra1 38. c4 Re1 39. c5 Re4 40. c6 Rxg4+ 41. Kf3 Rc4 42. Rc8+ Kf7 43. c7 $18) 38.
Kf3 Ra6 39. f7 Rf6+ 40. Ke4 Rf4+ 41. Kxe5 Kg7 {Die weiße Aufgabe ist nicht
mehr so einfach wie vor ca. 15 Zügen, denn nun muss er trotzdem lange
Varianten rechnen.} 42. c4 Rxg4 43. c5 Rc4 44. Kd6 $2 ({Und hier ist er schon,
der entscheidende zum Remis führende Fehler! Während der Partie konnte ich
mich überzeugen, dass auch} 44. Kd5 {wegen} Rc3 $1 {zum Remis führt. Gleich
sehen wir, warum es wichtig ist, den Turm auf der 3.Reihe aufzustellen.} 45.
Ra7 (45. c6 g4 46. Ke6 g3 47. Rc8 Re3+ $11) 45... g4 46. Ra4 g3 $11 {[%cal
Gc3g3] mit Ausgleich, da der schwarze Bauer vom Turm gedeckt ist, und so nach
einem Schachgebot auf g4 nicht fällt.}) ({Es gewann aber} 44. Ke6 $1 {(es
genügt auch 44.c6!, was zu denselben Varianten führt)} Rc1 (44... g4 45. Rc8) (
44... Rf4 45. c6) 45. c6 ({aber nicht} 45. Kf5 Rf1+ $1 46. Kxg5 Rxf7 $11) 45...
g4 46. Rc8 $1 Re1+ 47. Kd5 $1 ({Der König muss sich dem gegnerischen Turm
annähern, indem er die "Treppe d und e" benützt. Es geht nicht} 47. Kf5 Rf1+
48. Ke5 (48. Kg5 g3 49. f8=Q+ Rxf8 $11 50. Rxf8 $2 g2 $19) (48. Kxg4 Rxf7 49.
c7 Kf6 $11 {mit theoretischer Remisstellung!}) 48... g3 $5 49. f8=Q+ Rxf8 50.
Rxf8 g2 51. c7 g1=Q 52. c8=Q Qe3+ {und wegen des ständig hängenden Rf8 kann
Weiß dem Dauerschach nicht entkommen}) 47... Rd1+ 48. Ke4 Re1+ 49. Kd3 $18)
44... g4 45. Ra7 g3 46. Ra3 Rg4 ({Zur selben Stellung führt} 46... Rd4+ 47. Ke6
Re4+ 48. Kd5 Rg4 49. Rf3 Kf8 50. c6 g2 51. c7 Rd4+) 47. Rf3 ({Nach} 47. c6 g2
48. c7 g1=Q 49. f8=Q+ Kxf8 50. c8=Q+ Kg7 {[%csl Ra7][%cal Gg1a7] ist es
lebenswichtig, dass die Qg1 das Feld a7 kontrolliert.} 51. Qd7+ Kg6 52. Qe8+
Kg7 $11) 47... Kf8 48. c6 g2 ({Es ging auch} 48... Rd4+ 49. Kc5 g2 50. Rg3 Rd2
51. c7 Kxf7 52. Kb6 Rb2+ 53. Kc6 Rc2+ 54. Kb7 Rb2+ 55. Kc8 Kf6 $11) 49. c7 Rd4+
50. Ke6 ({Es rettet Schwarz ein Abzugschach nach} 50. Kc5 $4 g1=Q 51. c8=Q+
Rd8+) 50... Re4+ 51. Kd5 Rd4+ 52. Ke6 Re4+ 53. Kd5 ({Und auch im Fall von} 53.
Kf6 {kommt Schwarz mit einer wundersamen Rettung vor:} Rc4 54. Re3 (54. Rg3
Rc6+ $11) 54... Rc6+ (54... Rf4+ $2 55. Ke6 $18) 55. Re6 g1=Q $1 {[%cal Yc6f6,
Yc6c8]} 56. Rxc6 Qd4+ $1) 53... Rd4+ 54. Ke5 Rc4 55. Rg3 Rxc7 56. Rxg2 1/2-1/2

[Event "Villa Martelli"]
[Site "Villa Martelli"]
[Date "1998.05.22"]
[Round "4"]
[White "Ginzburg, Maximiliano"]
[Black "Rojas Keim, Luis Alberto"]
[Result "1-0"]
[WhiteElo "2470"]
[BlackElo "2455"]
[Annotator "Petursson,M"]
[PlyCount "97"]
[EventDate "1998.05.??"]
[EventType "tourn"]
[EventRounds "9"]
[EventCountry "ARG"]
[EventCategory "9"]
[SourceTitle "CBM 065"]
[Source "ChessBase"]
[SourceDate "1998.08.06"]
[SourceVersion "1"]
[SourceVersionDate "1998.08.06"]
[SourceQuality "1"]

1. e4 e6 2. d4 d5 3. e5 c5 4. c3 Nc6 5. Nf3 Qb6 6. a3 Nh6 7. b4 cxd4 8. cxd4
Nf5 9. Be3 Nxe3 10. fxe3 Be7 11. Bd3 O-O 12. O-O f6 13. exf6 Bxf6 14. Nc3 Qd8
15. Bc2 b6 16. Qd3 g6 17. Rad1 Bb7 18. Bb3 a5 19. b5 Ne7 20. e4 Qd7 21. e5 Bg7
22. Na4 Nc8 23. Bc2 Bh6 24. h4 Rb8 25. Ng5 Rxf1+ 26. Rxf1 Bxg5 27. hxg5 Na7 28.
Rb1 Qc7 29. Bb3 Bc8 30. Nc3 Bd7 31. a4 Rf8 32. Qe3 Qd8 33. Bc2 Qe7 34. Ne2 Rc8
35. Bd3 Qa3 36. Rf1 Rf8 37. Rf6 $1 Qxa4 $2 {[%tqu "En","Can you find a winning
move for White?","You must attack swiftly while the Black pieces are away on
the Queenside.  Can you sacrifice something?","Sacrifice your bishop?","d3g6",
"",20]} 38. Bxg6 $1 Qd1+ (38... hxg6 39. Rxg6+ Kf7 40. Rf6+ Ke7 41. Rxf8 Kxf8
42. Qf4+ Kg8 43. g6 $18) 39. Kh2 hxg6 40. Rxg6+ Kf7 (40... Kh7 41. Rh6+ Kg7 42.
g6 $18) 41. Rf6+ Kg7 42. Rxf8 (42. Qh3 $1 Rh8 43. Rh6 $1 $18) 42... Kxf8 43.
Qf4+ Kg8 44. g6 Be8 45. Qh6 Bxg6 46. Qxg6+ Kh8 47. Qf6+ Kh7 48. Qf7+ Kh8 49.
Nf4 1-0

[Event "Belgrade RAD 30"]
[Site "Belgrade"]
[Date "1977.01.22"]
[Round "6.2"]
[White "Weinstein, Norman"]
[Black "Bukic, Enver"]
[Result "0-1"]
[WhiteElo "2475"]
[BlackElo "2480"]
[Annotator "Primel,D"]
[PlyCount "112"]
[EventDate "1977.01.15"]
[EventType "tourn"]
[EventRounds "13"]
[EventCountry "SRB"]
[EventCategory "9"]
[SourceTitle "EXT 2018"]
[Source "ChessBase"]
[SourceDate "2017.10.13"]
[SourceVersion "1"]
[SourceVersionDate "2017.10.13"]
[SourceQuality "1"]
[TimeControl "40/9000:16/5400:0"]

1. e4 c5 2. c3 e6 3. d4 d5 4. e5 Qb6 5. Nf3 Bd7 $5 {[%cal Gd7b5]} 6. Be2 (6. a3
) 6... Bb5 7. O-O Bxe2 8. Qxe2 Qa6 (8... Nc6) (8... cxd4) 9. Qd1 Nc6 (9... Nd7
10. Be3) 10. b3 $6 $146 {Trop lent} (10. dxc5 Bxc5 {Ciocaltea,V-Portisch,L
Ploiesti 1957 (5) 1-0}) 10... cxd4 11. cxd4 Rc8 12. a3 Nge7 13. Bb2 Nf5 14. Nc3
Be7 $11 15. Rc1 O-O 16. b4 Nb8 17. b5 Qa5 18. Qd3 g6 (18... Nd7 19. g4 Nh4) 19.
g4 Ng7 20. Ne2 Nd7 21. Rxc8 Rxc8 22. Rc1 Rxc1+ 23. Bxc1 Nb6 24. Ng5 Nc4 25. Qf3
Qe1+ 26. Kg2 Bxg5 27. Bxg5 Nd2 28. Bxd2 Qxd2 29. Qe3 Qd1 (29... Qxe3 $143 30.
fxe3 Kf8 31. Kf3 Ke7 32. e4 dxe4+ 33. Kxe4 {[%csl Ge4,Re7]}) 30. h3 h5 31. Kg3
Qc2 32. Nf4 Qc4 33. Kg2 Qxb5 34. gxh5 Nf5 35. Qc1 Qc4 36. Qxc4 dxc4 37. hxg6
Nxd4 $17 38. Kf1 fxg6 39. Nxg6 c3 (39... Kf7 $19) 40. Ke1 Nc2+ 41. Kd1 Nxa3 42.
Nf4 Kf7 43. Ne2 Nb5 44. h4 Kg6 45. h5+ $6 Kxh5 46. Nf4+ Kg5 47. Nxe6+ Kf5 48.
Nd8 b6 49. Nc6 Ke6 50. f4 a5 51. Nd8+ Kd7 52. Nf7 Nd4 53. Nd6 b5 54. Ne4 b4 55.
Nc5+ Kc6 56. e6 Nf5 0-1

[Event "United Insurance 5th"]
[Site "Dhaka"]
[Date "2001.02.28"]
[Round "9"]
[White "Ehlvest, Jaan"]
[Black "Barsov, Alexei"]
[Result "1-0"]
[WhiteElo "2638"]
[BlackElo "2500"]
[Annotator "Psakhis,L"]
[PlyCount "71"]
[EventDate "2001.02.19"]
[EventType "tourn"]
[EventRounds "13"]
[EventCountry "BAN"]
[EventCategory "8"]
[SourceTitle "CBM 082"]
[Source "ChessBase"]
[SourceDate "2001.05.17"]
[SourceVersion "1"]
[SourceVersionDate "2001.05.17"]
[SourceQuality "1"]

1. e4 e6 2. d4 d5 3. e5 c5 4. c3 Nc6 5. Nf3 Bd7 6. Be2 Nge7 7. Na3 Qb6 8. Nc2
cxd4 9. cxd4 Nf5 10. O-O a5 11. Kh1 $5 (11. g4 Nfe7 12. Nh4 f6 13. exf6 gxf6
14. Be3 Nb4 15. Nxb4 axb4 16. Ng2 Ng6 17. f4 Bd6 18. f5 exf5 19. gxf5 Ne7 20.
Bh5+ Kd8 $132 {0-1 Hendriks,W-Barsov,A/NED t-ch 2000 (38)}) 11... h5 ({Mikhail
Gurevich, one of the leading expert in this line, tried} 11... Nb4 {but after}
12. Ne3 Rc8 13. Nxf5 exf5 14. Bd2 Be7 15. a3 Nc6 16. Bc3 O-O 17. Qd2 Ra8 18.
Ne1 Rfb8 19. Nc2 g6 20. Ne3 Be6 21. f4 h5 $14 {0-1 Grischuk,A-Gurevich,M/
Esbjerg North Sea Cup 2000/CBM 78/ (30) White got an advantage.}) 12. b3 $146 {
[%mdl 4]} (12. Bg5 Rc8 13. Qd2 Be7 14. Rab1 Bxg5 15. Qxg5 Nce7 16. Bd3 Bb5 17.
Bxb5+ Qxb5 18. Ne3 Qe2 19. Nxf5 Nxf5 20. Kg1 Rc2 {1/2-1/2 Peng Xiaomin-Zhang
Zhong/Shenyag 1999 (20)}) 12... Be7 13. Bd3 Nh4 {Pawn on d4 is poisoned:} (
13... Nfxd4 $2 14. Ncxd4 Nxd4 15. Be3 Bc5 16. Rc1 $1 $18 {[%cal Rc1c5,Re3b6]})
(13... Rc8 14. Bxf5 exf5 15. Bg5 $36) 14. Ng5 ({Simple} 14. Nxh4 Bxh4 15. Be3
$14 {leads also to nice game.}) 14... a4 ({again it was too dangerous to take
pawn-} 14... Nxd4 $2 15. Nxf7 $1 Nxc2 (15... Kxf7 16. Nxd4) 16. Nxh8 Nxa1 17.
Qxh5+ Kd8 18. Bg5 $18) 15. Rb1 axb3 (15... Nf5 $5) 16. Rxb3 $5 Qd8 (16... Qc7)
17. Nh3 Rxa2 18. Rxb7 Na5 19. Rb2 Rxb2 20. Bxb2 $14 g5 {The text move is
artificial and throws Black into serious trouble. However, he has some
problems anyway} (20... Nc4 $142 $1 $14) 21. Ba3 $1 {There is no need for a
long cogitation here to perceive that the exchange of dark-squared bishops
will bring White large dividends: elimination of an important defender of
Black's king and control of the dark squares.} g4 (21... Bxa3 22. Nxa3 Nf5 23.
Bxf5 exf5 24. Qd2 Rg8 25. f4 $16) 22. Nf4 $16 {[%csl Re8,Rh5]} Nc6 ({Worth
considering} 22... Bg5 $5 23. Bc1 {[%cal Gf4h5]}) 23. Bxe7 Qxe7 24. Qc1 Kf8 25.
Qe3 Kg7 26. f3 $1 {Ehlvest played very well this part of the game and Black
faced already big troubles.} Be8 27. Rb1 {Beggining of the cat-mouse game.} ({
White could win easy after} 27. fxg4 $5 hxg4 28. Qg3 Qg5 29. Nh3 Qh5 30. Rf4
$18) 27... Rh6 28. Ra1 Qd8 (28... gxf3 29. gxf3 {[%cal Ga1g1]}) 29. Ne2 (29.
fxg4 hxg4 30. Qg3 Qg5 31. Nh3 Nf5 (31... Qh5 32. Nf2 {[%csl Rg4]}) 32. Bxf5
Qxf5 33. Ne3 $16) 29... Ng6 30. Rf1 Nf8 (30... Qh4 31. g3) 31. fxg4 hxg4 32.
Qf4 Qh4 33. Qg3 $6 (33. Ne3 $142 $1 Ng6 34. Bxg6 (34. Qf6+ $5 Qxf6 35. exf6+)
34... Rxg6 35. h3 $18) 33... Qxg3 34. Nxg3 f6 $2 ({just after} 34... Rh4 $1 $16
{Black could hope for positive result.}) 35. Ne3 $1 fxe5 (35... Bg6 36. exf6+
Kf7 37. Nxg4 Rh4 38. Be2 $1 Nxd4 39. Ne5+ Kg8 40. Bg4 $18) 36. Nef5+ {Final
blow!} (36. Nef5+ exf5 37. Nxf5+ Kh7 38. Nxh6+ Bg6 39. Bxg6+ Nxg6 40. Nxg4 $18)
1-0

[Event "USA-CHN Summit"]
[Site "Seattle"]
[Date "2001.03.14"]
[Round "1.3"]
[White "Peng, Xiaomin"]
[Black "Kaidanov, Gregory S"]
[Result "1/2-1/2"]
[WhiteElo "2648"]
[BlackElo "2607"]
[Annotator "Psakhis,L"]
[PlyCount "50"]
[EventDate "2001.03.14"]
[EventType "team"]
[EventRounds "4"]
[EventCountry "USA"]
[SourceTitle "CBM 082"]
[Source "ChessBase"]
[SourceDate "2001.05.17"]
[SourceVersion "1"]
[SourceVersionDate "2001.05.17"]
[SourceQuality "1"]
[WhiteTeam "China"]
[BlackTeam "US of America"]
[WhiteTeamCountry "CHN"]
[BlackTeamCountry "USA"]

1. e4 e6 2. d4 d5 3. e5 c5 4. c3 Qb6 5. Nf3 Bd7 6. a3 a5 $5 {Fashionable move}
({In the case of standart} 6... cxd4 7. cxd4 Bb5 8. Bxb5+ Qxb5 9. Nc3 Qa6 10.
Ne2 Ne7 11. O-O Nbc6 12. Nf4 Nf5 13. g4 Nfe7 14. Nh5 $36 {1-0 Thipsay,P-Pert,N/
BCF-ch Scarbouough 1999 (38) initiative belongs to White.}) 7. Be2 a4 {
Stronger than} (7... Bb5 8. c4 Bxc4 9. Bxc4 dxc4 10. d5 exd5 11. Qxd5 Ne7 12.
Qxc4 Qa6 13. Nbd2 Nbc6 14. O-O Qxc4 15. Nxc4 Nf5 16. a4 $16 {1-0 Garbisu,
U-Gamez,A/Pamplona-B 1997 (29)}) 8. O-O Nc6 9. dxc5 (9. Qd3 Rc8 10. Nbd2 cxd4
11. cxd4 Na7 $1 12. b4 Bb5 13. Qe3 Ne7 14. Bxb5+ Qxb5 15. g4 h5 16. h3 hxg4 17.
hxg4 Qc6 $17 {0-1 Kravtsov,S-Volkov,S/Tomsk op 1999 (33)}) 9... Bxc5 10. c4 $5
{[%cal Gb1c3]} (10. Nbd2 Na5 11. c4 Ne7 12. Qc2 Rc8 13. Rb1 Qa7 14. Qd3 dxc4
15. Qe4 b5 16. Qg4 Nf5 17. Ne4 Nb3 $17 {0-1 Jap Tjoen San,L-Peng Zhaoqin/
NED-chW Rotterdam 2000/The Week in Chess 304 (45)}) 10... Nge7 ({Black's
position is not bad and after} 10... dxc4 11. Nc3 Nd4 12. Bxc4 Ne7 {for example
} 13. Bf4 Bc6 14. Ng5 Ng6 15. Bg3 h6 16. Nge4 O-O 17. Qg4 Bxe4 18. Nxe4 Nf5 19.
Nxc5 Qxc5 20. Bxe6 Nxg3 21. Qxg3 fxe6 {1/2-1/2 Vysochin,S-Moroz,A/
Ordzhonikidze zt 2000/ (21) but I like Kaidanov's move.}) 11. Nc3 Nd4 $1 12.
cxd5 $146 {New move doesn't changed estimation of position as more or less
equal,} (12. Nxd4 Bxd4 13. cxd5 Nxd5 14. Nxd5 exd5 15. Kh1 {1/2-1/2 Videki,
S-Varga,P/Paks-9 GM 1999 (15)}) 12... Nxe2+ 13. Qxe2 Nxd5 ({In the case of} 
13... exd5 14. Bg5 Bc6 15. Bxe7 Bxe7 16. e6 $36 {white's initiative could
became dangerous.}) 14. Nxd5 (14. Rd1 Nxc3 15. bxc3 Bc6 $13) 14... exd5 15. Rd1
Bb5 16. Qe1 Bc4 ({worth considering} 16... d4 $5 17. Ng5 Bc4 {with promising
position for Black}) 17. Be3 $1 Bxe3 18. Qxe3 Qxe3 19. fxe3 O-O 20. Rd4 $5 {
[%cal Ge3e4]} Rfe8 21. Rc1 h6 (21... b5 $5 {was the chance to keep tension,
after move in the game Peng Xiaomin find the way for the further simplications.
}) 22. e4 $11 dxe4 23. Rcxc4 exf3 24. gxf3 Rxe5 25. Rxa4 Rxa4 {Interesting
from theoretical point of} (25... Rxa4 26. Rxa4 Rd5 27. Rb4 b5 $11) 1/2-1/2

[Event "USA-CHN Summit"]
[Site "Seattle"]
[Date "2001.03.16"]
[Round "3.3"]
[White "Peng, Xiaomin"]
[Black "Kaidanov, Gregory S"]
[Result "0-1"]
[WhiteElo "2648"]
[BlackElo "2607"]
[Annotator "Psakhis,L"]
[PlyCount "54"]
[EventDate "2001.03.14"]
[EventType "team"]
[EventRounds "4"]
[EventCountry "USA"]
[SourceTitle "CBM 082"]
[Source "ChessBase"]
[SourceDate "2001.05.17"]
[SourceVersion "1"]
[SourceVersionDate "2001.05.17"]
[SourceQuality "1"]
[WhiteTeam "China"]
[BlackTeam "US of America"]
[WhiteTeamCountry "CHN"]
[BlackTeamCountry "USA"]

1. e4 e6 2. d4 d5 3. e5 c5 4. c3 Qb6 5. a3 a5 (5... Bd7 6. b4 cxd4 7. cxd4 Bb5
8. Bxb5+ Qxb5 9. Nc3 Qa6 10. Be3 Ne7 11. Nge2 Nd7 12. O-O Nf5 13. g4 Nxe3 14.
fxe3 Be7 {1/2-1/2 Afek,Y-Bruk,O/ISR t-ch 1999 (48)}) 6. Bd3 (6. a4 Nc6 7. Nf3
cxd4 8. cxd4 Nge7 9. Nc3 Nf5 10. Bb5 Bd7 11. Be3 Be7 12. O-O O-O 13. g4 Nxe3
14. fxe3 f6 15. exf6 Bxf6 16. g5 Be7 17. Rf2 Be8 18. Qf1 Nb4 19. h4 Bd6 20. Qh3
Rf5 {Sukiennik,M-Orzechowski,J/Krynica op 1998/0-1 (36)}) 6... Bd7 {[%mdl 4]}
7. Ne2 $146 {New move} (7. f4 cxd4 8. cxd4 Nc6 9. Nf3 Nxd4 10. Nxd4 Qxd4 11.
Nc3 Qb6 12. Qe2 Bc5 13. Qg4 Kf8 14. Rf1 Nh6 15. Qf3 d4 16. Ne4 Bc6 17. g4 Bd5
18. f5 exf5 19. gxf5 Ng8 20. Qg4 g6 21. Nxc5 Qxc5 {De Bortoli,P-Shalajevs,A/
Szombathely 1993/0-1 (34)}) ({After " normal "} 7. Nf3 Bb5 8. O-O Bxd3 9. Qxd3
Nc6 $13 {black's position is not bad.}) 7... Bb5 8. Bxb5+ Qxb5 9. O-O Nc6 10.
a4 Qb6 {I don't think that Black has any problems here - he managed to
exchange light-coloured bishops and it is difficult for White to organize
attack on the king's side.} 11. Na3 {[%cal Ga3b5]} cxd4 12. cxd4 Nge7 {[%cal
Ge7f5]} 13. Nb5 Nf5 14. g4 {Maybe too risky, but after} (14. Qb3 {[%cal Rb5d6]}
Bb4 {[%csl Rd4]} (14... Qd8 $5) 15. Rd1 O-O {Black is Ok}) 14... Nh4 15. Qb3
Qd8 $1 {[%cal Gh7h5]} 16. f4 {Continue to play in very aggressive style, worth
considering} (16. Ng3 $1 $13 {tring to stop h5}) 16... h5 $1 17. f5 ({It was
good time to think about} 17. h3 $5 hxg4 18. hxg4 $132 {with complicated game.}
) 17... hxg4 18. fxe6 fxe6 {[%cal Rh4f3]} 19. Qg3 $2 {Serious mistake.} (19.
Bg5 $5 {could be interesting chance for White, but I think that after simple}
Qd7 $5 $15 {black chances are better.} ({It is too dangerous for Black to take
bishop-} 19... Qxg5 20. Nc7+ Kd7 (20... Ke7 21. Nxd5+ $1) 21. Nxe6 $5 (21. Nxa8
Nf3+ 22. Rxf3 gxf3+ 23. Ng3 Bb4 $19) 21... Kxe6 22. Nf4+ (22. Qxb7 Nf3+ 23.
Rxf3 gxf3+ 24. Ng3 Nxd4 25. Qb6+ (25. Qxa8 Ne2+) 25... Kxe5 $19) 22... Qxf4 $1
23. Rxf4 Nxd4 24. Rxd4 (24. Qb6+ Nc6) (24. Qxb7 Ne2+ 25. Kh1 Nxf4 26. Qxa8 Nf3
27. Qc8+ Kxe5 $19 {[%csl Rh1]}) 24... Nf3+ 25. Kf1 Nxd4 26. Qb6+ $1 Nc6 27.
Qxb7 $16)) 19... Nf3+ 20. Rxf3 $8 {What else?} (20. Kf2 Rxh2+ 21. Ke3 Ncxe5 $1
{and Black wins in few moves.} 22. dxe5 Qg5+ 23. Qf4 (23. Kd3 Qg6+ 24. Kc3 Rxe2
) 23... Bc5+ 24. Ned4 Bxd4+ 25. Nxd4 Qxf4+ 26. Kxf4 Nxd4 $19) 20... gxf3 21.
Nf4 Kd7 $1 22. Nxe6 $1 {Last chance. Peng Xiaomin hopes to open position of
the black monarch.} (22. Ng6 Rh5) 22... Qh4 $1 $19 {Cool and strong answer.} (
22... Kxe6 $2 23. Qg4+ Kf7 24. Qf5+ Kg8 25. Qe6+ $11) 23. Ng5 (23. Nec7 Qxg3+
24. hxg3 Nxd4 $5 25. Nxa8 Nc2 $19 {[%cal Rc2a1,Rf8c5]}) 23... Nxd4 {Beggining
of the end.} ({Also was possible to play} 23... Qxg3+ $5 24. hxg3 Nxe5 $1 25.
dxe5 $140 Bc5+ $19) 24. e6+ Nxe6 25. Nxf3 (25. Qxh4 Rxh4 26. Nxe6 Kxe6 27. Nc7+
Ke5 28. Nxa8 Bc5+ 29. Kh1 Rg4 $19 {[%cal Rg4g1]}) 25... Qxg3+ 26. hxg3 Bd6 27.
Kg2 Rac8 {Good game for Gregory Kaidanov.} 0-1